[Event "Belgrade-chT Quality"]
[Site "Belgrade"]
[Date "2021.11.20"]
[Round "11.1"]
[White "Bakic, Dragan"]
[Black "Mikluc, Davorin"]
[Result "1/2-1/2"]
[WhiteElo "2156"]
[BlackElo "2182"]
[PlyCount "69"]
[EventDate "2021.10.16"]
[EventType "team-tourn"]
[EventRounds "11"]
[EventCountry "SRB"]
[SourceTitle "EXT 2023"]
[Source "ChessBase"]
[SourceDate "2022.10.05"]
[SourceVersion "1"]
[SourceVersionDate "2022.10.05"]
[SourceQuality "1"]
[WhiteTeam "Belgrade Zemun Teleoptic"]
[BlackTeam "Belgrade Banjica"]
[WhiteTeamCountry "SRB"]
[BlackTeamCountry "SRB"]

1. e4 c6 2. d4 d5 3. Nd2 dxe4 4. Nxe4 Bf5 5. Ng3 Bg6 6. h4 h6 7. f4 e6 8. h5 Bh7 9. Nf3 Bd6 10. Bd3 Bxd3 11. Qxd3 Ne7 12. Bd2 Qc7 13. Ne5 Nd7 14. Ne4 Rd8 15. Nxd6+ Qxd6 16. Nc4 Qd5 17. Ne3 Qb5 18. Qxb5 cxb5 19. a4 bxa4 20. Rxa4 Nc6 21. c3 0-0 22. Ke2 Nb6 23. Raa1 f6 24. g4 a6 25. Rhg1 Nd5 26. Raf1 Nxe3 27. Bxe3 Rd5 28. Kd3 Rfd8 29. Kc2 b5 30. g5 Kf7 31. Rg2 Ne7 32. Bd2 Rf5 33. Ra1 Ra8 34. Rag1 Rg8 35. Ra1 1/2-1/2

[Event "Belgrade-chT Quality"]
[Site "Belgrade"]
[Date "2021.10.16"]
[Round "1.1"]
[White "Lajthajm, Borko"]
[Black "Bakic, Dragan"]
[Result "1-0"]
[WhiteElo "2361"]
[BlackElo "2156"]
[PlyCount "79"]
[EventDate "2021.10.16"]
[EventType "team-tourn"]
[EventRounds "11"]
[EventCountry "SRB"]
[SourceTitle "EXT 2023"]
[Source "ChessBase"]
[SourceDate "2022.10.05"]
[SourceVersion "1"]
[SourceVersionDate "2022.10.05"]
[SourceQuality "1"]
[WhiteTeam "Belgrade Polet"]
[BlackTeam "Belgrade Zemun Teleoptic"]
[WhiteTeamCountry "SRB"]
[BlackTeamCountry "SRB"]

1. e4 e5 2. Nf3 Nc6 3. Bb5 f5 4. exf5 Nf6 5. 0-0 Bc5 6. Nxe5 0-0 7. Nxc6 dxc6 8. Bc4+ Kh8 9. Bd3 Nd5 10. Nc3 Nf4 11. Be4 Bxf5 12. d3 Nd5 13. Bxf5 Rxf5 14. Ne4 Bd6 15. Qg4 Qf8 16. Bd2 Qf7 17. g3 Rf8 18. c4 Nb6 19. c5 Rxc5 20. Nxc5 Bxc5 21. Be3 Bd6 22. Bxb6 axb6 23. b3 h6 24. Rae1 b5 25. Re4 g6 26. Qe6 Kg7 27. Qg4 Ra8 28. Qe2 b4 29. d4 Qd5 30. Re1 Rf8 31. Kg2 Rf7 32. f3 Rf8 33. Qd3 Rf7 34. Re6 Qf5 35. R1e4 h5 36. Qe2 Qd5 37. Re8 b6 38. Rd8 Kf6 39. Qe3 Kg7 40. Re5 1-0

[Event "SRB-chT 2nd League East"]
[Site "Knic"]
[Date "2019.09.07"]
[Round "2.7"]
[White "Bakic, Dragan"]
[Black "Marjanovic, Miroslav"]
[Result "1-0"]
[WhiteElo "2155"]
[BlackElo "2092"]
[PlyCount "69"]
[EventDate "2019.09.06"]
[EventType "team-tourn"]
[EventRounds "11"]
[EventCountry "SRB"]
[SourceTitle "EXT 2020"]
[Source "ChessBase"]
[SourceDate "2019.10.17"]
[SourceVersion "1"]
[SourceVersionDate "2019.10.17"]
[SourceQuality "1"]
[WhiteTeam "Nis Nais"]
[BlackTeam "Kursumlija"]
[WhiteTeamCountry "SRB"]
[BlackTeamCountry "SRB"]

1. e4 d6 2. d4 Nf6 3. Nc3 g6 4. g3 Bg7 5. Bg2 0-0 6. Nge2 e5 7. h3 Nc6 8. Be3 exd4 9. Nxd4 Bd7 10. 0-0 Nxd4 11. Bxd4 Bc6 12. Qd3 Nd7 13. Bxg7 Kxg7 14. f4 f5 15. exf5 Bxg2 16. Kxg2 Rxf5 17. Rae1 Rf7 18. Ne4 h6 19. Qd4+ Nf6 20. g4 Kg8 21. f5 g5 22. Nxf6+ Qxf6 23. Qxf6 Rxf6 24. Re7 Rf7 25. Rfe1 Raf8 26. Kf3 Rxe7 27. Rxe7 Rf7 28. Re6 Kg7 29. Ke4 Rd7 30. Rg6+ Kh7 31. Kd5 Re7 32. Re6 Rd7 33. Re8 Rf7 34. Ke6 Kg7 35. Re7 1-0

[Event "Belgrade-chT"]
[Site "Belgrade"]
[Date "2017.05.13"]
[Round "4.1"]
[White "Savic, Dragoljub"]
[Black "Bakic, Dragan"]
[Result "1-0"]
[WhiteElo "2048"]
[BlackElo "2208"]
[PlyCount "61"]
[EventDate "2017.05.10"]
[EventType "team-swiss"]
[EventRounds "5"]
[EventCountry "SRB"]
[SourceTitle "CBM 178 Extra"]
[Source "ChessBase"]
[SourceDate "2017.06.22"]
[SourceVersion "1"]
[SourceVersionDate "2017.06.22"]
[SourceQuality "1"]
[WhiteTeam "Lasta"]
[BlackTeam "Teleoptik"]
[WhiteTeamCountry "SRB"]
[BlackTeamCountry "SRB"]

1. d4 Nf6 2. c4 c5 3. d5 b5 4. cxb5 e6 5. Nc3 exd5 6. Nxd5 Bb7 7. Nxf6+ Qxf6 8. e3 d5 9. Nf3 Bd6 10. Be2 0-0 11. 0-0 a6 12. bxa6 Nxa6 13. Bd2 Rfe8 14. Bc3 Qe7 15. Re1 Nc7 16. a4 Ne6 17. Qd2 Bc6 18. b3 Qc7 19. h4 h6 20. Bd1 Rac8 21. b4 d4 22. exd4 Bf4 23. Qd3 Nxd4 24. Nxd4 cxd4 25. Bc2 g6 26. Qxd4 Bh2+ 27. Kh1 Rxe1+ 28. Rxe1 Bxg2+ 29. Kxg2 Qxc3 30. Re8+ Kh7 31. Rh8+ 1-0

[Event "Srpska Republic-chT 1st League"]
[Site "Banja Vrucica"]
[Date "2014.08.10"]
[Round "2.1"]
[White "Bakic, Dragan"]
[Black "Bakic, Aleksandar"]
[Result "1-0"]
[WhiteElo "2244"]
[BlackElo "1956"]
[PlyCount "73"]
[EventDate "2014.08.09"]
[EventType "team-tourn"]
[EventRounds "9"]
[EventCountry "BIH"]
[SourceTitle "EXT 2016"]
[Source "ChessBase"]
[SourceDate "2015.10.08"]
[SourceVersion "1"]
[SourceVersionDate "2015.10.08"]
[SourceQuality "1"]
[WhiteTeam "Srbac"]
[BlackTeam "Kozarska Dubica"]
[WhiteTeamCountry "BIH"]
[BlackTeamCountry "BIH"]

1. d4 Nf6 2. c4 g6 3. Nc3 Bg7 4. e4 d6 5. Be3 0-0 6. f3 Nc6 7. Nge2 a6 8. Qd2 Rb8 9. d5 Ne5 10. Nd4 c5 11. dxc6 Nxc6 12. Be2 Bd7 13. 0-0 Ne5 14. Rac1 Rc8 15. b3 Re8 16. Rc2 Qa5 17. Rfc1 Nc6 18. Nxc6 Bxc6 19. Bf1 Qd8 20. Qf2 Qd7 21. a4 e6 22. Rd1 Qe7 23. Bg5 h6 24. Bh4 g5 25. Bg3 e5 26. Qd2 Red8 27. Bf2 Rd7 28. Bb6 Nh5 29. g3 Qe6 30. b4 Re7 31. b5 axb5 32. axb5 Be8 33. Nd5 Rd7 34. Be3 Rdd8 35. Ra2 Ra8 36. Rxa8 Rxa8 37. Nc7 1-0

[Event "Belgrade-chT Quality"]
[Site "Belgrade"]
[Date "2012.10.20"]
[Round "3.2"]
[White "Bakic, Dragan"]
[Black "Matovic, Sasa"]
[Result "1/2-1/2"]
[WhiteElo "2243"]
[BlackElo "2169"]
[PlyCount "61"]
[EventDate "2012.10.13"]
[EventType "team-tourn"]
[EventRounds "11"]
[EventCountry "SRB"]
[SourceTitle "EXT 2019"]
[Source "ChessBase"]
[SourceDate "2018.10.10"]
[SourceVersion "1"]
[SourceVersionDate "2018.10.10"]
[SourceQuality "1"]

1. e4 e6 2. d4 d5 3. Nd2 Nf6 4. e5 Nfd7 5. Bd3 c5 6. c3 Nc6 7. Ne2 cxd4 8. cxd4 f6 9. exf6 Nxf6 10. 0-0 Bd6 11. Nf3 Qc7 12. Nc3 a6 13. h3 0-0 14. Re1 Bd7 15. Bg5 Rae8 16. Rc1 Qb8 17. Bb1 Re7 18. a3 Be8 19. Qd2 h6 20. Be3 Nh5 21. Qc2 Nf6 22. Nh4 Bf4 23. Ng6 Bxg6 24. Qxg6 Bxe3 25. Rxe3 Qe8 26. Qd3 g5 27. Rce1 Qf7 28. R3e2 Nh5 29. g3 Nf6 30. Ba2 Rd8 31. Bb1 1/2-1/2

[Event "Belgrade-chT Quality"]
[Site "Belgrade"]
[Date "2012.10.14"]
[Round "2.5"]
[White "Stamatovic, Aleksandar"]
[Black "Bakic, Dragan"]
[Result "1-0"]
[WhiteElo "2181"]
[BlackElo "2243"]
[PlyCount "107"]
[EventDate "2012.10.13"]
[EventType "team-tourn"]
[EventRounds "11"]
[EventCountry "SRB"]
[SourceTitle "EXT 2019"]
[Source "ChessBase"]
[SourceDate "2018.10.10"]
[SourceVersion "1"]
[SourceVersionDate "2018.10.10"]
[SourceQuality "1"]

1. e4 c5 2. Nf3 e6 3. c3 Nf6 4. e5 Nd5 5. Bc4 Nb6 6. Bb3 c4 7. Bc2 d6 8. d4 cxd3 9. Qxd3 Nc6 10. Bf4 dxe5 11. Qxd8+ Nxd8 12. Bxe5 Nc6 13. Bg3 Be7 14. a4 0-0 15. Na3 a6 16. 0-0 Bf6 17. Rfe1 Bd7 18. Rad1 Rfc8 19. Re4 Be8 20. Nc4 Nxc4 21. Rxc4 b5 22. Re4 h6 23. h3 Ra7 24. Bd6 Rb7 25. axb5 axb5 26. Re2 Na5 27. Bb4 Nc4 28. Be4 Ra7 29. g4 Ra2 30. Rb1 Nb6 31. Kf1 Na4 32. Ne1 Nb6 33. Nd3 Nc4 34. Nc1 Ra7 35. Nb3 Ra2 36. f4 Bc6 37. Bxc6 Rxc6 38. Nc5 Nb6 39. Nd3 Nd5 40. Kf2 Rc4 41. Kf3 Ra6 42. Re4 Rac6 43. Ra1 Rc8 44. Ra5 Rb8 45. Rxb5 Rcc8 46. Rxb8 Rxb8 47. Bd6 Rc8 48. Bc5 Rb8 49. c4 Nc7 50. Bd6 Rb3 51. Ke2 Na6 52. Ba3 Bxb2 53. Bxb2 Nb4 54. Bc3 1-0

[Event "Belgrade-chT Quality"]
[Site "Belgrade"]
[Date "2012.10.13"]
[Round "1.1"]
[White "Vucinic, Gojko"]
[Black "Bakic, Dragan"]
[Result "0-1"]
[WhiteElo "2208"]
[BlackElo "2243"]
[PlyCount "120"]
[EventDate "2012.10.13"]
[EventType "team-tourn"]
[EventRounds "11"]
[EventCountry "SRB"]
[SourceTitle "EXT 2019"]
[Source "ChessBase"]
[SourceDate "2018.10.10"]
[SourceVersion "1"]
[SourceVersionDate "2018.10.10"]
[SourceQuality "1"]

1. e4 c5 2. Nf3 e6 3. d4 cxd4 4. Nxd4 Nf6 5. Nc3 Nc6 6. Ndb5 Bb4 7. a3 Bxc3+ 8. Nxc3 d5 9. exd5 exd5 10. Bd3 d4 11. Ne2 Bg4 12. 0-0 0-0 13. f3 Bh5 14. Bg5 Bg6 15. Qd2 Qd6 16. Rad1 Rfd8 17. Bxg6 hxg6 18. Be3 d3 19. Qxd3 Qxd3 20. Rxd3 Rxd3 21. cxd3 Re8 22. Kf2 Ne5 23. Nc1 Neg4+ 24. fxg4 Nxg4+ 25. Kg3 Nxe3 26. Re1 Nf5+ 27. Kf2 Rc8 28. Nb3 Kf8 29. Re2 Rd8 30. Rd2 Rd5 31. d4 Ke7 32. Kf3 Rb5 33. Nc1 Nd6 34. Rc2 Kd7 35. Ke3 Rxb2 36. Rxb2 Nc4+ 37. Ke4 Nxb2 38. Nb3 Nc4 39. a4 b6 40. h3 a5 41. Nc1 Nb2 42. Nd3 Nxa4 43. Ne5+ Ke6 44. d5+ Ke7 45. Kd4 Nc5 46. Kc4 Nd7 47. Nf3 f6 48. Nd4 Ne5+ 49. Kb5 Kd6 50. Ne6 Kxd5 51. Nxg7 Nc4 52. h4 Nd6+ 53. Ka4 Kc4 54. g4 b5+ 55. Ka3 Kc3 56. Ka2 b4 57. Ne6 b3+ 58. Ka1 Nb5 59. Nc5 b2+ 60. Ka2 Kc2 0-1

[Event "SRB-chT quality"]
[Site "Belgrade"]
[Date "2010.10.30"]
[Round "10"]
[White "Adamovic, Strahinja"]
[Black "Bakic, Dragan"]
[Result "1/2-1/2"]
[WhiteElo "2084"]
[BlackElo "2245"]
[PlyCount "60"]
[EventDate "2010.10.09"]
[EventType "team-tourn"]
[EventRounds "11"]
[EventCountry "YUG"]
[SourceTitle "EXT 2011"]
[Source "ChessBase"]
[SourceDate "2010.11.26"]
[SourceVersion "1"]
[SourceVersionDate "2010.11.26"]
[SourceQuality "1"]

1. e4 c5 2. Nf3 e6 3. d4 cxd4 4. Nxd4 Nf6 5. Nc3 Nc6 6. Ndb5 Bb4 7. a3 Bxc3+ 8. Nxc3 d5 9. exd5 exd5 10. Bd3 d4 11. Ne2 0-0 12. 0-0 Bg4 13. Bg5 Qd6 14. Qd2 Rfe8 15. Rfe1 Bh5 16. Nf4 Bg6 17. Nxg6 hxg6 18. Rad1 Rac8 19. h3 a6 20. Bxf6 Qxf6 21. Re4 Red8 22. Rde1 Qd6 23. Qg5 Qf6 24. Qc5 Rf8 25. R1e2 Rfd8 26. h4 b5 27. a4 Na5 28. Qb4 Nc6 29. Qc5 Na5 30. Qb4 Nc6 1/2-1/2

[Event "Vojvodina-chT"]
[Site "Sremska Mitrovica"]
[Date "2006.09.25"]
[Round "5"]
[White "Somborski, Nebojsa"]
[Black "Bakic, Dragan"]
[Result "1/2-1/2"]
[WhiteElo "2377"]
[BlackElo "2286"]
[PlyCount "88"]
[EventDate "2006.09.22"]
[EventType "team"]
[EventRounds "9"]
[EventCountry "YUG"]
[SourceTitle "CBM 114 Extra"]
[Source "ChessBase"]
[SourceDate "2006.11.03"]
[SourceVersion "1"]
[SourceVersionDate "2006.11.03"]
[SourceQuality "1"]

1. e4 c5 2. Nf3 e6 3. d4 cxd4 4. Nxd4 Nf6 5. Nc3 Nc6 6. Ndb5 Bb4 7. a3 Bxc3+ 8. Nxc3 d5 9. Bd3 dxe4 10. Nxe4 Nxe4 11. Bxe4 Qxd1+ 12. Kxd1 0-0 13. Be3 e5 14. Ke2 Be6 15. Rhd1 Rac8 16. Rd6 Rfd8 17. Rxd8+ Nxd8 18. c3 b6 19. Rd1 h6 20. f3 Kf8 21. g4 Ke7 22. h4 Bb3 23. Rd2 Nc6 24. Bf5 Be6 25. Bxe6 Kxe6 26. f4 exf4 27. Bxf4 Na5 28. Rd6+ Ke7 29. Rd4 Nb3 30. Ra4 Na5 31. Re4+ Kd7 32. a4 Rc4 33. Kd3 Rxe4 34. Kxe4 Nb3 35. Kd5 Nc5 36. a5 Nd3 37. Be3 Nxb2 38. axb6 axb6 39. Bxb6 Nd3 40. Be3 f6 41. c4 Ne5 42. g5 hxg5 43. hxg5 Nxc4 44. Kxc4 fxg5 1/2-1/2

[Event "Vrnjacka Banja"]
[Site "Vrnjacka Banja"]
[Date "1992.04.22"]
[Round "15"]
[White "Miladinovic, Igor"]
[Black "Bakic, Dragan"]
[Result "1-0"]
[WhiteElo "2410"]
[BlackElo "2205"]
[PlyCount "51"]
[EventDate "1992.04.08"]
[EventType "tourn"]
[EventRounds "15"]
[EventCountry "YUG"]
[EventCategory "8"]
[SourceTitle "EXT 2014"]
[Source "ChessBase"]
[SourceDate "2013.11.20"]
[SourceVersion "1"]
[SourceVersionDate "2013.11.20"]
[SourceQuality "1"]

1. d4 Nf6 2. c4 g6 3. Nc3 Bg7 4. e4 d6 5. Nf3 0-0 6. Be2 e5 7. 0-0 Na6 8. d5 Nc5 9. Qc2 a5 10. Bg5 h6 11. Be3 b6 12. Nd2 Ng4 13. Bxg4 Bxg4 14. a3 f5 15. f3 Bh5 16. b4 axb4 17. axb4 Na6 18. Qb2 f4 19. Bf2 g5 20. h3 Bg6 21. Ra3 Qc8 22. Rfa1 Qb7 23. Ra4 c5 24. dxc6 Qc8 25. Nd5 Nc7 26. Ne7+ 1-0

[Event "Vrnjacka Banja"]
[Site "Vrnjacka Banja"]
[Date "1992.04.18"]
[Round "11"]
[White "Tringov, Georgi Petrov"]
[Black "Bakic, Dragan"]
[Result "1-0"]
[WhiteElo "2430"]
[BlackElo "2205"]
[PlyCount "63"]
[EventDate "1992.04.08"]
[EventType "tourn"]
[EventRounds "15"]
[EventCountry "YUG"]
[EventCategory "8"]
[SourceTitle "EXT 2014"]
[Source "ChessBase"]
[SourceDate "2013.11.20"]
[SourceVersion "1"]
[SourceVersionDate "2013.11.20"]
[SourceQuality "1"]

1. e4 c5 2. Nf3 e6 3. d3 Nc6 4. g3 g6 5. Bg2 Bg7 6. 0-0 Nge7 7. Re1 d6 8. c3 0-0 9. Be3 e5 10. Qc1 f5 11. Bh6 f4 12. Bxg7 Kxg7 13. Nbd2 h6 14. d4 g5 15. dxc5 dxc5 16. Nc4 Ng6 17. a4 Be6 18. Nfd2 Qe7 19. b3 Rad8 20. a5 Qf7 21. Kh1 Qd7 22. Qa3 Bh3 23. Qxc5 Bxg2+ 24. Kxg2 fxg3 25. fxg3 Qg4 26. Kh1 Rd3 27. Ne3 Qh3 28. Ndf1 Nd4 29. cxd4 Rxe3 30. Nxe3 Rf2 31. Nf5+ Kg8 32. Qc8+ 1-0

[Event "Vrnjacka Banja"]
[Site "Vrnjacka Banja"]
[Date "1992.04.16"]
[Round "9"]
[White "Abramovic, Bosko"]
[Black "Bakic, Dragan"]
[Result "1-0"]
[WhiteElo "2475"]
[BlackElo "2205"]
[PlyCount "55"]
[EventDate "1992.04.08"]
[EventType "tourn"]
[EventRounds "15"]
[EventCountry "YUG"]
[EventCategory "8"]
[SourceTitle "EXT 2014"]
[Source "ChessBase"]
[SourceDate "2013.11.20"]
[SourceVersion "1"]
[SourceVersionDate "2013.11.20"]
[SourceQuality "1"]

1. c4 Nf6 2. g3 g6 3. Bg2 Bg7 4. Nf3 0-0 5. 0-0 d6 6. d4 c6 7. Nc3 Nbd7 8. Qc2 e5 9. e4 exd4 10. Nxd4 Nc5 11. Rd1 Qb6 12. h3 Re8 13. Be3 Qc7 14. b4 Ne6 15. Nb3 Bd7 16. Qd2 Red8 17. Rac1 Ne8 18. f4 Nf8 19. Qf2 f5 20. Bxa7 b5 21. Bb6 Qb7 22. Na5 Rxa5 23. bxa5 Rc8 24. cxb5 cxb5 25. exf5 Qa6 26. Nd5 Rxc1 27. Rxc1 gxf5 28. Nb4 1-0

[Event "Vrnjacka Banja"]
[Site "Vrnjacka Banja"]
[Date "1992.04.12"]
[Round "5"]
[White "Ilincic, Zlatko"]
[Black "Bakic, Dragan"]
[Result "1-0"]
[WhiteElo "2490"]
[BlackElo "2205"]
[PlyCount "77"]
[EventDate "1992.04.08"]
[EventType "tourn"]
[EventRounds "15"]
[EventCountry "YUG"]
[EventCategory "8"]
[SourceTitle "EXT 2014"]
[Source "ChessBase"]
[SourceDate "2013.11.20"]
[SourceVersion "1"]
[SourceVersionDate "2013.11.20"]
[SourceQuality "1"]

1. e4 c5 2. Nf3 e6 3. d4 cxd4 4. Nxd4 Nf6 5. Nc3 Nc6 6. Nxc6 bxc6 7. e5 Nd5 8. Ne4 f5 9. exf6 Nxf6 10. Nd6+ Bxd6 11. Qxd6 Qa5+ 12. Bd2 Qd5 13. Bb4 Qe4+ 14. Kd2 Nd5 15. Bc5 Qf4+ 16. Qxf4 Nxf4 17. g3 Nd5 18. c4 Nf6 19. Bg2 d5 20. cxd5 cxd5 21. Rac1 a5 22. Bd6 Bd7 23. Rc7 Ra6 24. Be5 Ke7 25. Rhc1 Rha8 26. Bd4 Rb8 27. Bf1 Raa8 28. Bd3 Ne8 29. R7c5 g6 30. h4 Nf6 31. f3 Rf8 32. Ke3 Kd6 33. R5c2 Rf7 34. Bc5+ Kc7 35. Be7+ Kb6 36. Bd6 Ne8 37. Be5 a4 38. Rc3 Ra5 39. Rc7 1-0

[Event "Vrnjacka Banja"]
[Site "Vrnjacka Banja"]
[Date "1992.04.09"]
[Round "2"]
[White "Bakic, Dragan"]
[Black "Atalik, Suat"]
[Result "0-1"]
[WhiteElo "2205"]
[BlackElo "2455"]
[PlyCount "96"]
[EventDate "1992.04.08"]
[EventType "tourn"]
[EventRounds "15"]
[EventCountry "YUG"]
[EventCategory "8"]
[SourceTitle "EXT 2014"]
[Source "ChessBase"]
[SourceDate "2013.11.20"]
[SourceVersion "1"]
[SourceVersionDate "2013.11.20"]
[SourceQuality "1"]

1. e4 c5 2. Nf3 d6 3. d4 cxd4 4. Nxd4 Nf6 5. Nc3 Nc6 6. g3 g6 7. Bg2 Nxd4 8. Qxd4 Bg7 9. Bg5 0-0 10. Qd2 Be6 11. 0-0 Qb6 12. a4 Rac8 13. Nb5 a6 14. Be3 Qd8 15. Nd4 Bd7 16. h3 Rc5 17. g4 Qc8 18. c3 Rc4 19. Qc2 Nxg4 20. hxg4 Bxd4 21. Bxd4 Rxd4 22. b3 Rb4 23. Rac1 Rb6 24. f3 Qc5+ 25. Rf2 a5 26. Bf1 Qg5 27. Bc4 Be6 28. Qd2 Qxd2 29. Rxd2 Bxc4 30. bxc4 Rc8 31. Rd5 Rc5 32. Kf2 Rbc6 33. Ke2 Rxc4 34. Rxa5 Rxc3 35. Rxc3 Rxc3 36. Ra7 Rb3 37. g5 Kf8 38. Ra8+ Kg7 39. Re8 e6 40. Rd8 b5 41. axb5 Rxb5 42. f4 d5 43. e5 h6 44. gxh6+ Kxh6 45. Rh8+ Kg7 46. Rd8 g5 47. fxg5 Rb4 48. Kf3 Re4 0-1

[Event "Vrnjacka Banja"]
[Site "Vrnjacka Banja"]
[Date "1992.04.08"]
[Round "1"]
[White "Titov, German1111"]
[Black "Bakic, Dragan"]
[Result "1-0"]
[WhiteElo "2490"]
[BlackElo "2205"]
[PlyCount "89"]
[EventDate "1992.04.08"]
[EventType "tourn"]
[EventRounds "15"]
[EventCountry "YUG"]
[EventCategory "8"]
[SourceTitle "EXT 2014"]
[Source "ChessBase"]
[SourceDate "2013.11.20"]
[SourceVersion "1"]
[SourceVersionDate "2013.11.20"]
[SourceQuality "1"]

1. e4 c5 2. Nf3 Nc6 3. Bb5 g6 4. Bxc6 dxc6 5. h3 Bg7 6. d3 Nf6 7. Nc3 0-0 8. Be3 Nd7 9. Qd2 e5 10. Bh6 Re8 11. h4 Nf8 12. h5 Bg4 13. hxg6 fxg6 14. Bxg7 Kxg7 15. Qh6+ Kg8 16. Ng5 Qd7 17. Rh4 Be6 18. 0-0-0 Qg7 19. Rdh1 Qxh6 20. Rxh6 Re7 21. Nd1 Rd8 22. Ne3 Kh8 23. g3 Bg8 24. Ng4 Kg7 25. f4 exf4 26. gxf4 Ne6 27. Rxh7+ Bxh7 28. Rxh7+ Kf8 29. Rh8+ Kg7 30. Rh7+ Kf8 31. Rh8+ Kg7 32. Nxe6+ Kxh8 33. Nxd8 c4 34. Ne5 Kg7 35. Nxc4 Kf6 36. Nd6 Rh7 37. e5+ Ke7 38. N8xb7 Rh2 39. f5 gxf5 40. Nxf5+ Ke6 41. Nd4+ Kd5 42. e6 Rh7 43. e7 Rxe7 44. Na5 c5 45. c4+ 1-0

[Event "YUG-ch"]
[Site "Banja Vrucica"]
[Date "1991.??.??"]
[Round "?"]
[White "Bakic, Dragan"]
[Black "Antic, Dejan"]
[Result "1/2-1/2"]
[WhiteElo "2235"]
[BlackElo "2390"]
[PlyCount "73"]
[EventDate "1991.12.??"]
[EventType "swiss"]
[EventRounds "13"]
[EventCountry "YUG"]
[SourceTitle "EXT 1997"]
[Source "ChessBase"]
[SourceDate "1996.11.15"]
[SourceVersion "1"]
[SourceVersionDate "1996.11.15"]
[SourceQuality "1"]

1. e4 c5 2. Nf3 e6 3. d4 cxd4 4. Nxd4 Nc6 5. Nc3 a6 6. g3 d6 7. Bg2 Bd7 8. 0-0 Nf6 9. Be3 Be7 10. Nxc6 Bxc6 11. a4 0-0 12. a5 Nd7 13. Qe2 Qc7 14. Rfb1 Rac8 15. b4 Bf6 16. Ra3 Bxc3 17. Rxc3 Qd8 18. Rd1 Qe7 19. Qd2 Nf6 20. f3 Rfd8 21. Bb6 Rd7 22. Bf1 d5 23. e5 Ne8 24. b5 axb5 25. Bxb5 Qb4 26. Bxc6 Rxc6 27. Rxc6 Qxd2 28. Rxd2 bxc6 29. c4 Nc7 30. a6 h5 31. Ra2 Na8 32. Bc5 dxc4 33. Rc2 Rd1+ 34. Kf2 Ra1 35. a7 Nc7 36. Rxc4 Nb5 37. h4 1/2-1/2

[Event "YUG-ch"]
[Site "Banja Vrucica"]
[Date "1991.??.??"]
[Round "?"]
[White "Bakic, Dragan"]
[Black "Todorovic, Goran M"]
[Result "0-1"]
[WhiteElo "2235"]
[BlackElo "2490"]
[PlyCount "110"]
[EventDate "1991.12.??"]
[EventType "swiss"]
[EventRounds "13"]
[EventCountry "YUG"]
[SourceTitle "EXT 1997"]
[Source "ChessBase"]
[SourceDate "1996.11.15"]
[SourceVersion "1"]
[SourceVersionDate "1996.11.15"]
[SourceQuality "1"]

1. e4 e5 2. Nc3 Nf6 3. g3 d5 4. exd5 Nxd5 5. Bg2 Nxc3 6. bxc3 Bc5 7. Ne2 0-0 8. 0-0 Nc6 9. Rb1 Re8 10. d3 Bb6 11. Be3 Bg4 12. h3 Be6 13. c4 Nd4 14. Nc3 Nf5 15. Bxb6 axb6 16. Bxb7 Ra3 17. Nb5 Rxa2 18. Ra1 Rxa1 19. Qxa1 Qd7 20. Bg2 c6 21. Na3 Nd4 22. Kh2 h5 23. Re1 Qd6 24. Qb2 h4 25. Nb1 hxg3+ 26. fxg3 Bxh3 27. c3 Bxg2 28. cxd4 Bf3 29. Kg1 e4 30. Qf2 Qh6 31. Qh2 Qxh2+ 32. Kxh2 e3 33. Nc3 f5 34. d5 Kf7 35. Kg1 cxd5 36. Nb5 Kf6 37. cxd5 g5 38. Nc7 Re5 39. d4 Re4 40. d6 f4 41. Nd5+ Ke6 42. d7 Kxd7 43. Nf6+ Kd6 44. Nxe4+ Bxe4 45. gxf4 gxf4 46. Kf1 Kd5 47. Ke2 Kxd4 48. Rd1+ Ke5 49. Rd8 Bd5 50. Kd3 Be4+ 51. Ke2 b5 52. Re8+ Kd4 53. Rd8+ Bd5 54. Ke1 f3 55. Kd1 b4 0-1

[Event "YUG-ch"]
[Site "Banja Vrucica"]
[Date "1991.??.??"]
[Round "?"]
[White "Krivokapic, Ratko"]
[Black "Bakic, Dragan"]
[Result "0-1"]
[WhiteElo "2215"]
[BlackElo "2235"]
[PlyCount "94"]
[EventDate "1991.12.??"]
[EventType "swiss"]
[EventRounds "13"]
[EventCountry "YUG"]
[SourceTitle "EXT 1997"]
[Source "ChessBase"]
[SourceDate "1996.11.15"]
[SourceVersion "1"]
[SourceVersionDate "1996.11.15"]
[SourceQuality "1"]

1. Nf3 Nf6 2. c4 d6 3. d4 g6 4. Nc3 Bg7 5. e4 0-0 6. Be2 e5 7. 0-0 Na6 8. Be3 Ng4 9. Bg5 Qe8 10. h3 h6 11. Bc1 Nf6 12. d5 Nc5 13. Qc2 a5 14. Nd2 a4 15. Rb1 Bd7 16. b4 axb3 17. axb3 Nh5 18. Bxh5 gxh5 19. b4 Na6 20. Ba3 b6 21. Rfe1 f5 22. exf5 Bxf5 23. Nce4 Qg6 24. Rb3 h4 25. Rbe3 Kh8 26. Qd1 Bd7 27. Nf3 Rf4 28. Kh1 Rg8 29. Qe2 Bf8 30. Qf1 Bf5 31. Nfd2 Nb8 32. f3 Nd7 33. Bc1 h5 34. Nf2 b5 35. Nd3 Bxd3 36. Rxd3 bxc4 37. Rc3 Nb6 38. Ne4 Rf7 39. b5 Bh6 40. Bxh6 Qxh6 41. Rd1 Qf4 42. Ra3 Nxd5 43. Nxd6 Rfg7 44. Rxd5 Rxg2 45. Nf7+ Qxf7 46. Rd1 Qf5 47. f4 Qc2 0-1